000 00534nam a2200169Ia 4500
999 _c6846
_d6846
003 OSt
005 20200130115259.0
008 190216s9999||||xx |||||||||||||| ||und||
020 _a9788182090859
040 _coclc
082 _a519.5
_bRAJ/B
100 _aRajagopalan, S P
_91162
245 0 _aBusiness Statistics and Operations Research 1 /
_cS P Rajagopalan ; S Sattanathan
260 _bVijay Nicole Imprint Private Ltd,
_aChennai:
_c2005.
300 _a353p
942 _cBK
_2ddc
_h519.5
_iRAJ/B
_k519.5
_mRAJ/B